LEADER 01329cam2-2200409---450 001 990003256990203316 005 20180124160444.0 010 $a978-88-568-0112-5 035 $a000325699 035 $aUSA01000325699 035 $a(ALEPH)000325699USA01 035 $a000325699 100 $a20090527d2008----km-y0itay50------ba 101 0 $aita 102 $aIT 105 $a||||||||001yy 200 1 $a<> editoria napoletana dell'Ottocento$eproduzione, circolazione, consumo$fVincenzo Trombetta 210 $aMilano$cF. Angeli$d2008 215 $a252 p.$d23 cm 225 2 $aStudi e ricerche di storia dell'editoria$v41 410 0$1001000281983$12001$aStudi e ricerche di storia dell'editoria$v, 41 606 0 $aEditoria$yNapoli$zSec. 19.$2BNCF 676 $a070.50945731 700 1$aTROMBETTA,$bVincenzo$f<1954- >$0280150 801 0$aIT$bsalbc$gISBD 912 $a990003256990203316 951 $aI.2. Coll. 3/ 12$b2722 L.G.$cI.2. Coll.$d00228239 951 $aII.1. 16$b7845$cII.1. 951 $aII.1. 16a$b7845$cII.1. 959 $aBK 969 $aUMA 969 $aDISPAC 979 $aDILAM1$b90$c20090527$lUSA01$h1531 979 $aANNAMARIA$b90$c20090908$lUSA01$h1210 979 $aRSIAV1$b90$c20100111$lUSA01$h1441 996 $aEditoria napoletana dell'Ottocento$9231187 997 $aUNISA LEADER 01175nam0 22002893i 450 001 VAN0134882 005 20210528101346.601 010 $a978-88-288-2632-3 100 $a20210528d2020 |0itac50 ba 101 $aita 102 $aIT 105 $a|||| ||||| 200 1 $aˆLa ‰ristrutturazione dei debiti del consumatore$fFrancesca Loffredo 210 $aMilano$cGiuffrè Francis Lefebvre$d2020 215 $aXV, 351 p.$d25 cm 316 $a1 v.$5IT-IT-CE0105 CONSXV.Ed.323 500 1$3VAN0134883$aˆLa ‰ristrutturazione dei debiti del consumatore$91780206 606 $aDebiti$xLegislazione$3VANC036272$2SG 620 $dMilano$3VANL000284 700 1$aLoffredo$bFrancesca$3VANV000436$0267978 712 $aGiuffrè Francis Lefebvre $3VANV114891$4650 801 $aIT$bSOL$c20240503$gRICA 899 $aBIBLIOTECA DEL DIPARTIMENTO DI GIURISPRUDENZA$1IT-CE0105$2VAN00 912 $aVAN0134882 950 $aBIBLIOTECA DEL DIPARTIMENTO DI GIURISPRUDENZA$d00CONS XV.Ed.323 $e00UBG6459 20210528 1 v.$sBuono 996 $aRistrutturazione dei debiti del consumatore$91780206 997 $aUNICAMPANIA LEADER 04554nam0 22006733i 450 001 CFI0002851 005 20251003044106.0 100 $a20110531d1983 ||||0itac50 ba 101 | $aita 102 $ait 181 1$6z01$ai $bxxxe 182 1$6z01$an 200 1 $aˆLa ‰contrattazione collettiva in Europa$fCommissione delle comunità europee$ga cura di Jean-Daniel Reynaud 210 $aRoma$cLavoro$d1983 215 $a258 p.$d21 cm. \\SCH 1338 225 | $aStudi e ricerche$v28 410 0$1001CFI0002853$12001 $aStudi e ricerche$v28 606 $aAccordi collettivi di lavoro$xEuropa$2FIR$3LO1C880905$9I 676 $a331.890 945$9ECONOMIA DEL LAVORO. Sindacati, contrattazione e controversie collettive. Italia$v20 676 $a331.89094$9Contrattazione e controversie collettive - Europa$v23 702 1$aReynaud$b, Jean Daniel$3CFIV002251 710 02$aCommissione delle comunità europee$3CFIV002249$4070$0333284 791 02$aCommunautés européennes$b : Commission$3BVEV030924$zCommissione delle comunità europee 791 02$aComunidades europeias$b : Comissão$3CFIV142935$zCommissione delle comunità europee 791 02$aEuropese gemeenschappen$b : Commissie$3CFIV142936$zCommissione delle comunità europee 791 02$aEuropæiske fællesskaber$b : Kommissionen$3CFIV142945$zCommissione delle comunità europee 791 02$aComunidades europeas$b : Comisión$3CFIV157939$zCommissione delle comunità europee 791 02$aEuropean communities$b : Commission$3CFIV157956$zCommissione delle comunità europee 791 02$aCommission of the European communities$3CFIV164431$zCommissione delle comunità europee 791 02$aEuropäische Gemeinschaften$b : Kommission$3CFIV169370$zCommissione delle comunità europee 791 02$aCommission des Communautes européennes$3NAPV073029$zCommissione delle comunità europee 791 02$aComunità europee$b : Commissione$3SBNV001693$zCommissione delle comunità europee 791 02$aComisión de las comunidades europeas$3SBNV011404$zCommissione delle comunità europee 791 02$aComissão das comunidades europeias$3SBNV011405$zCommissione delle comunità europee 791 02$aCommissie van de europese Gemeenschappen$3SBNV011406$zCommissione delle comunità europee 791 02$aKommissionen for de Europæiske fællesskaber$3SBNV011407$zCommissione delle comunità europee 791 02$aCommunautés européennes$b : Commission$3BVEV030924$zCommissione delle comunità europee 791 02$aComunidades europeias$b : Comissão$3CFIV142935$zCommissione delle comunità europee 791 02$aEuropese gemeenschappen$b : Commissie$3CFIV142936$zCommissione delle comunità europee 791 02$aEuropæiske fællesskaber$b : Kommissionen$3CFIV142945$zCommissione delle comunità europee 791 02$aComunidades europeas$b : Comisión$3CFIV157939$zCommissione delle comunità europee 791 02$aEuropean communities$b : Commission$3CFIV157956$zCommissione delle comunità europee 791 02$aCommission of the European communities$3CFIV164431$zCommissione delle comunità europee 791 02$aEuropäische Gemeinschaften$b : Kommission$3CFIV169370$zCommissione delle comunità europee 791 02$aCommission des Communautes européennes$3NAPV073029$zCommissione delle comunità europee 791 02$aComunità europee$b : Commissione$3SBNV001693$zCommissione delle comunità europee 791 02$aCommissione europea$3SBNV011357$yCommissione delle comunità europee 791 02$aComisión de las comunidades europeas$3SBNV011404$zCommissione delle comunità europee 791 02$aComissão das comunidades europeias$3SBNV011405$zCommissione delle comunità europee 791 02$aCommissie van de europese Gemeenschappen$3SBNV011406$zCommissione delle comunità europee 791 02$aKommissionen for de Europæiske fællesskaber$3SBNV011407$zCommissione delle comunità europee 801 3$aIT$bIT-000000$c20110531 850 $aIT-BN0095 901 $bNAP 01$cPOZZO LIB.$nVi sono collocati fondi di economia, periodici di ingegneria e scienze, periodici di economia e statistica e altri fondi comprendenti documenti di economia pervenuti in dono. 912 $aCFI0002851 950 0$aBiblioteca Centralizzata di Ateneo$c1 v.$d 01POZZO LIB.F. SANTI 306$e 0101 0060032055E VMA 1 v. (Precedente collocazione S 303)$fB $h20221107$i20221107 977 $a 01 996 $aContrattazione collettiva in Europa$92961395 997 $aUNISANNIO